| 000 | 01006cam a2200253 4500 | ||
|---|---|---|---|
| 008 | 030716n2003 000 0 eng u | ||
| 020 | _a1859460720 | ||
| 035 | _a(Sirsi) u123022 | ||
| 041 | _aeng | ||
| 050 |
_a692.8 _c18 |
||
| 100 | _aCarnell, Nicholas J. | ||
| 245 |
_aGetting paid _ban architect's guide to fee recovery |
||
| 260 |
_aLondon _bRIBA Enterprises _c2003 |
||
| 300 |
_aviii, 156p. _c24cm. |
||
| 350 | _a20 | ||
| 520 | _aDescribes the problems an architects' practice may face in pursuing fee claims and suggests practical and contractual steps to reduce these risks. Covers the right to payment, appointments, set-off and counterclaims, the decision to proceed, litigation and arbitration, adjudication and legal expenses insurance. | ||
| 650 | _aARCHITECTS' FEES | ||
| 650 | _aARCHITECTURAL PRACTICES | ||
| 650 | _aPAYMENT ABUSE | ||
| 690 | _aBUILT ENVIRONMENT-BUILDING CONTRACT FORMS | ||
| 700 | _aYakeley, Stephen. | ||
| 700 |
_aDavidson, Elizabeth _xEditor |
||
| 942 | _n0 | ||
| 999 |
_c102977 _d102977 |
||